| 000 | 00589nam a22002057a 4500 | ||
|---|---|---|---|
| 005 | 20260202144854.0 | ||
| 006 | a|||||r||||||||||| | ||
| 008 | s2003 maua b 001 0 eng d | ||
| 020 | _a0205372414 | ||
| 040 |
_aGR-AtMCL _dGR-AtMCL _bgre _eAACR2 |
||
| 100 | 1 |
_aPinel, John P. J. _9334 |
|
| 245 | 1 | 0 |
_aBiopsychology / _cJohn P.J. Pinel. |
| 250 | _a5th ed. | ||
| 260 |
_aBoston : _bAllyn and Bacon, _c2003. |
||
| 300 |
_a566 p. : _bill. ; _c29 cm. |
||
| 504 | _aInclude bibliographical references and indexes. | ||
| 650 | 0 |
_aPsychology _910056 |
|
| 942 | _cBK | ||
| 999 |
_c10102 _d10102 |
||